AH International Schools' Libraries

What Is Square? / (Record no. 48630)

MARC details
000 -LEADER
fixed length control field 00339nam a22001217a 4500
008 - FIXED-LENGTH DATA ELEMENTS--GENERAL INFORMATION
fixed length control field 250318b |||||||| |||| 00| 0 eng d
020 ## - INTERNATIONAL STANDARD BOOK NUMBER
International Standard Book Number 0439159458
100 ## - MAIN ENTRY--PERSONAL NAME
Personal name Rebecca Dotlich
9 (RLIN) 86140
245 ## - TITLE STATEMENT
Title What Is Square? /
260 ## - PUBLICATION, DISTRIBUTION, ETC. (IMPRINT)
Place of publication, distribution, etc United State of America
Name of publisher, distributor, etc Scholastic
Date of publication, distribution, etc 1999
300 ## - PHYSICAL DESCRIPTION
Extent 20 p
Other physical details col. ill.
Dimensions 8 x 8 inches
942 ## - ADDED ENTRY ELEMENTS (KOHA)
Source of classification or shelving scheme
Koha item type Book
Holdings
Withdrawn status Lost status Source of classification or shelving scheme Damaged status Not for loan Collection code Home library Current library Shelving location Date acquired Full call number Barcode Date last seen Price effective from Koha item type
          Siem Riep Asian Hope Siem Reap Asian Hope Siem Reap Easy Reading 03/18/2025 E DOT 207758 03/18/2025 03/18/2025 Book

For any Logos Library related questions please contact Miss Art at swongnarasuk@asianhope.org.

For any Asian Hope Library related questions please contact Miss Raza at graza@asianhope.org.

Click here to explore our ebooks!

Powered by Koha